| Tag |
First Indicator |
Second Indicator |
Subfields |
| LEADER |
00000cam a2200000 a 4500 |
| 001 |
in00000012676 |
| 005 |
20230630110841.0 |
| 008 |
870903s1987 ne a b 100 0 eng |
| 010 |
|
|
|a 87171761
|
| 016 |
7 |
|
|a B8708603
|2 bccb
|
| 019 |
|
|
|a 15578594
|a 1167137161
|
| 020 |
|
|
|a 9061916216
|
| 020 |
|
|
|a 9789061916215
|
| 029 |
1 |
|
|a AU@
|b 000005545888
|
| 029 |
1 |
|
|a DEBSZ
|b 013504819
|
| 029 |
1 |
|
|a GBVCP
|b 016561333
|
| 029 |
1 |
|
|a GBVCP
|b 018029914
|
| 029 |
1 |
|
|a NZ1
|b 5005025
|
| 029 |
1 |
|
|a ZWZ
|b 020745397
|
| 035 |
|
|
|a (OCoLC)ocm18020091
|
| 035 |
|
|
|a (OCoLC)18020091
|z (OCoLC)15578594
|z (OCoLC)1167137161
|
| 035 |
|
|
|a (OCoLC)ocm18020091
|
| 040 |
|
|
|a DLC
|b eng
|c DLC
|d OCL
|d UBA
|d BAKER
|d NLGGC
|d BTCTA
|d YDXCP
|d AU@
|d GBVCP
|d OCLCO
|d OCLCF
|d OCLCQ
|d OCL
|d CEF
|d OCLCQ
|d UKBTH
|d LUN
|d OCLCO
|
| 050 |
0 |
0 |
|a TC15
|b .H94 1987
|
| 080 |
0 |
0 |
|a 532(091
|
| 082 |
0 |
|
|a 627
|2 19
|
| 084 |
|
|
|a 56.35
|2 bcl
|
| 245 |
0 |
0 |
|a Hydraulics and hydraulic research :
|b a historical review /
|c edited by Günther Garbrecht.
|
| 260 |
|
|
|a Rotterdam ;
|a Boston :
|b A.A. Balkema,
|c 1987.
|
| 300 |
|
|
|a ix, 362 pages :
|b illustrations ;
|c 29 cm
|
| 336 |
|
|
|a text
|b txt
|2 rdacontent
|
| 337 |
|
|
|a unmediated
|b n
|2 rdamedia
|
| 338 |
|
|
|a volume
|b nc
|2 rdacarrier
|
| 500 |
|
|
|a At head of title: International Association for Hydraulic Research, 1935-1985.
|
| 500 |
|
|
|a Papers from a symposium held in April 1985 in West Berlin on hydraulics and hydraulic research, historical development and present trends and from a workshop on great names in hydraulics.
|
| 504 |
|
|
|a Includes bibliographical references.
|
| 546 |
|
|
|a Papers mainly in English; 2 in French.
|
| 610 |
2 |
0 |
|a International Association for Hydraulic Research
|x History
|v Congresses.
|
| 650 |
|
0 |
|a Hydraulic engineering
|x Research
|x History
|v Congresses.
|
| 610 |
2 |
7 |
|a International Association for Hydraulic Research.
|2 fast
|0 (OCoLC)fst00543878
|
| 650 |
|
7 |
|a Hydraulic engineering
|x Research.
|2 fast
|0 (OCoLC)fst00964620
|
| 650 |
|
7 |
|a Hidrologia.
|2 larpcal
|
| 650 |
|
7 |
|a Hidraulica aplicada.
|2 larpcal
|
| 653 |
|
0 |
|a Geschichte
|
| 655 |
|
7 |
|a Conference papers and proceedings.
|2 fast
|0 (OCoLC)fst01423772
|
| 655 |
|
7 |
|a History.
|2 fast
|0 (OCoLC)fst01411628
|
| 700 |
1 |
|
|a Garbrecht, Günther.
|
| 710 |
2 |
|
|a International Association for Hydraulic Research.
|
| 938 |
|
|
|a Baker & Taylor
|b BKTY
|c 232.95
|d 232.95
|i 9061916216
|n 0001236243
|s active
|
| 938 |
|
|
|a Baker and Taylor
|b BTCP
|n 87171761 //r89
|
| 938 |
|
|
|a YBP Library Services
|b YANK
|n 1267217
|
| 948 |
|
|
|h NO HOLDINGS IN TXA - 123 OTHER HOLDINGS
|
| 994 |
|
|
|a Z0
|b TXA
|
| 999 |
f |
f |
|s 0e5c69e3-42c6-3f58-9227-bbbdc60ceb94
|i 56b01c3a-6153-3977-95eb-57ba49731ac2
|t 0
|
| 952 |
f |
f |
|p ric
|a Texas A&M University
|b Rellis Campus
|c Joint Library Facility
|d Remote Storage
|t 0
|e TC160 .H93 1987
|h Library of Congress classification
|i unmediated -- volume
|m A14811025997
|
| 998 |
f |
f |
|a TC160 .H93 1987
|t 0
|l Remote Storage
|